ARRUPE JESUIT UNIVERSITY

CORONAVIRUS -STOP THE SPREAD - CLEAN,DISINFECT,COVER

Purpose and thought : (Record no. 5295)

MARC details
000 -LEADER
fixed length control field 00817pam a2200241 i 4500
001 - CONTROL NUMBER
control field 1790656
005 - DATE AND TIME OF LATEST TRANSACTION
control field 20170802084949.0
008 - FIXED-LENGTH DATA ELEMENTS--GENERAL INFORMATION
fixed length control field 780119s1978 ctu b 001 0 eng
010 ## - LIBRARY OF CONGRESS CONTROL NUMBER
LC control number 78000399
020 ## - INTERNATIONAL STANDARD BOOK NUMBER
International Standard Book Number 0300021712 :
Terms of availability $12.50
040 ## - CATALOGING SOURCE
Original cataloging agency DLC
Transcribing agency DLC
Modifying agency DLC
050 00 - LIBRARY OF CONGRESS CALL NUMBER
Classification number B832
Item number .S6 1978
082 00 - DEWEY DECIMAL CLASSIFICATION NUMBER
Classification number 144/.3
100 1# - MAIN ENTRY--PERSONAL NAME
Personal name Smith, John E.
Fuller form of name (John Edwin),
Dates associated with a name 1921-2009.
9 (RLIN) 34325
245 10 - TITLE STATEMENT
Title Purpose and thought :
Remainder of title the meaning of pragmatism /
Statement of responsibility, etc John E. Smith.
260 ## - PUBLICATION, DISTRIBUTION, ETC. (IMPRINT)
Place of publication, distribution, etc New Haven :
Name of publisher, distributor, etc Yale University Press,
Date of publication, distribution, etc 1978.
300 ## - PHYSICAL DESCRIPTION
Extent 236 p. ;
Dimensions 24 cm.
504 ## - BIBLIOGRAPHY, ETC. NOTE
Bibliography, etc Includes bibliographical references and index.
650 #0 - SUBJECT ADDED ENTRY--TOPICAL TERM
Topical term or geographic name as entry element Pragmatism.
9 (RLIN) 34326
906 ## - LOCAL DATA ELEMENT F, LDF (RLIN)
a 7
b cbc
c orignew
d 1
e ocip
f 19
g y-gencatlg
942 ## - ADDED ENTRY ELEMENTS (KOHA)
Source of classification or shelving scheme Library of Congress Classification
Item type Monograph ( Printed materials)
Holdings
Withdrawn status Lost status Source of classification or shelving scheme Damaged status Not for loan Collection code Home library Current library Shelving location Date acquired Total Checkouts Full call number Barcode Date last seen Date last borrowed Copy number Price effective from Koha item type
    Library of Congress Classification     Main Collection ARRUPE LIBRARY ARRUPE LIBRARY   27/02/2013 3 B832.S6 1978 46406795 12/05/2023 27/04/2023 1 27/02/2013 Monograph ( Printed materials)

 

Arrupe Library. PO Box MP320 Mt Pleasant, Harare, Zimbabwe
263 242 745411|librarian@aju.ac.zw